00670nam a2200193Ia 4500952015400000999001500154003000400169005001700173008004100190020001800231040000900249082001800258100002200276245007600298260003700374300000900411650001400420942004200434 00102ddc40708Pharmacology & therapeutics aMESbMEScCHEd2019-02-20g410.00l0o615.19 BHA/Pp37661r2019-02-20 00:00:00w2019-02-20yBKzGL29R4 c3593d3593OSt20200821145439.0190216s9999||||xx |||||||||||||| ||und|| a9788131765272 coclc a615.19bBHA/P aBhasin, S K94286 0aPharmaceutical Physical Chemistry :bTheory and Practices /cS K Bhasin bPearson,c2012.aDelhi- Chennai: a593p aChemistry cBK2ddch615.19iBHA/Pk615.19mBHA/P